Stavebné sporenie a Štátny fond rozvoja bývania - zdroje úverových prostriedkov pre obyvateľstvo diplomová práca

Gespeichert in:
Bibliographische Detailangaben
1. Verfasser: Šulanová, Lucia
Körperschaft: Národohospodárska fakulta EU. Katedra bankovníctva a medzinárodných financií
Weitere Verfasser: Tkáčová, Daniela, 1954-
Format: Buch
Sprache:Slowakisch
Veröffentlicht: Bratislava 2008
Tags: Tag hinzufügen
Keine Tags, Fügen Sie das erste Tag hinzu!

MARC

LEADER 00000nam$a2200000$$$4500
001 0076861
005 20240201120412.2
041 0 |a slo 
044 |a SK 
245 1 0 |a Stavebné sporenie a Štátny fond rozvoja bývania - zdroje úverových prostriedkov pre obyvateľstvo  |b diplomová práca  |c Lucia Šulanová ; škol. Dana Tkáčová 
264 1 |a Bratislava  |c 2008 
300 |a 69 s. 
100 1 |a Šulanová, Lucia 
700 1 |a Tkáčová, Daniela, 1954- 
710 2 |a Národohospodárska fakulta EU. Katedra bankovníctva a medzinárodných financií